000
00188 a2200097 4500
020
_a
9780673762375
041
_a
spa
100
_a
Lester, Helen
245
_a
La mochila de lin
942
_c
BK
999
_c
31953
_d
31951